000 00362nam a22001457a 4500
003 OSt
005 20251204103655.0
008 251204b |||||||| |||| 00| 0 eng d
020 _a0029290309
040 _c FREE PRESS
050 _aL 222 ,S49 1983
245 _aNECESSARY LESSONS
_cSEWALL, GILBERT T.
260 _aCANADA
_bFREE PRESS
_c1883
942 _2ddc
_cBK
_n0
999 _c9872
_d9872